01007nam a2200277 a 450000100060000000300080000600500170001400800410003102000210007202000210009303500510011404000410016504100080020608200210021410000490023524500670028425000120035126000690036330000350043250000240046750400480049165000230053994200120056299900170057495201380059110911BD-RjUL20211208235035.0140125r19761963enka b 001 0 eng d a0521043670 (hbk) a0521296862 (pbk) a(BD-RjUL)10960aOCLC ocm00546586 from D970731M aDLC/ICUcCGUdUKMdEQOdBD-RjULbeng aeng00a551.22bBUI 19761 aBullen, K. E.q(Keith Edward),d1906-93372413aAn introduction to the theory of seismology /cby K.E. Bullen. a3rd ed. aCambridge :bCambridge University Press,c1963 [reprinted 1976]. aviii, 381 p. :bill. ;c23 cm. aPrevious ed.: 1953. aBibliography: p. 329-361. - Includes index. 0aSeismology.932555 2ddccBK c10911d10911 00102ddc40718NFICaRUCLbRUCLcReadingd1980-03-01eHeffers.g12.50l0o551.22 BUI 1976r2014-01-25 00:00:00tC-1w2014-01-25yBK